000 00681nam a2200253Ia 4500
001 dia_2045
003 CHAP
005 20230614102239.0
008 220117s1977 xx 000 0 und d
010 _a172581
040 _cCHAP
082 _a634.9745 H3
100 _aHartley, C.W.S.
_952940
245 _aThe oil palm (elaeis guineensis ja 9) /
_c by C.W.S. Hartley
250 _a2
260 _a:
_b Longman,
_c1977
300 _a806 p.
400 _aTROPICAL AGRICULTURE SERIES
650 _a1.Aceite de Palma. I.T.
_9152146
901 _a634.9745 H3
902 _aM
905 _a0000001977 lonA 0000000000ing00
942 _cLIBRO
_2ddc
999 _c172581
_d172581